Dastan-E-Zaban-E-Urdu (Record no. 1677)

MARC details
000 -LEADER
fixed length control field 00572nam a2200241 a 4500
020 ## - INTERNATIONAL STANDARD BOOK NUMBER
ISBN
082 00 - DEWEY DECIMAL CLASSIFICATION NUMBER
Classification number 891.4
Author Cutter SAB
100 ## - MAIN ENTRY--AUTHOR NAME
Author name Sabzwari, Shaukat
245 ## - TITLE STATEMENT
Title Dastan-E-Zaban-E-Urdu
260 ## - PUBLICATION, DISTRIBUTION, ETC. (IMPRINT)
Place of publication Hyderabad
Name of publisher Urdu Markaz
Year of publication 1961
300 ## - PHYSICAL DESCRIPTION
Number of Pages 214p
500 ## - GENERAL NOTE
General note includes index and biblioraphy
505 2# - FORMATTED CONTENTS NOTE
Formatted contents note Index
650 ## - SUBJECT ADDED ENTRY--TOPICAL TERM
Topical Term Urdu-Language History
942 ## - ADDED ENTRY ELEMENTS (KOHA)
Koha item type Books
700 1# -
-- Sabzwari, Shaukat
Holdings
Collection code Home library Current library Date acquired Cost, normal purchase price Full call number Accession Number Koha item type
  Henry Martyn Institute Library Henry Martyn Institute Library 06/15/2007 4.00 891.4 SAB 03745 Books
                   Copyright © 2026 | Henry Martyn Institute | Hyderabad | TS-500052 | INDIA | Implemented by hmi.edu.in
Hit-Count:

Powered by Koha